<?xml version="1.0" encoding="UTF-8"?>
<record
    xmlns:xsi="http://www.w3.org/2001/XMLSchema-instance"
    xsi:schemaLocation="http://www.loc.gov/MARC21/slim http://www.loc.gov/standards/marcxml/schema/MARC21slim.xsd"
    xmlns="http://www.loc.gov/MARC21/slim">

  <leader>00796nam a2200253Ia 4500</leader>
  <controlfield tag="003">OSt</controlfield>
  <controlfield tag="005">20230223141003.0</controlfield>
  <controlfield tag="008">210716s2017    xx            000 0 und d</controlfield>
  <datafield tag="020" ind1=" " ind2=" ">
    <subfield code="a">9780262035613</subfield>
  </datafield>
  <datafield tag="040" ind1=" " ind2=" ">
    <subfield code="c">AIMIT LIBRARY</subfield>
  </datafield>
  <datafield tag="041" ind1=" " ind2=" ">
    <subfield code="a">eng</subfield>
  </datafield>
  <datafield tag="082" ind1=" " ind2=" ">
    <subfield code="a">006.312 </subfield>
    <subfield code="2">1</subfield>
    <subfield code="b">GOOI</subfield>
  </datafield>
  <datafield tag="100" ind1=" " ind2=" ">
    <subfield code="a">Goodfellow, Ian.</subfield>
    <subfield code="9">73017</subfield>
  </datafield>
  <datafield tag="245" ind1=" " ind2=" ">
    <subfield code="a">Deep learning /</subfield>
    <subfield code="c">By Ian Goodfellow, Yoshua Bengio and Aaron Counrville.</subfield>
  </datafield>
  <datafield tag="250" ind1=" " ind2=" ">
    <subfield code="a">1st ed.</subfield>
  </datafield>
  <datafield tag="260" ind1=" " ind2=" ">
    <subfield code="a">London :</subfield>
    <subfield code="b">MIT Press ,</subfield>
    <subfield code="c">2017.</subfield>
  </datafield>
  <datafield tag="300" ind1=" " ind2=" ">
    <subfield code="a">xxii,775p. ;</subfield>
    <subfield code="b">PB</subfield>
    <subfield code="c">23.5 cm.</subfield>
  </datafield>
  <datafield tag="650" ind1=" " ind2=" ">
    <subfield code="9">73018</subfield>
    <subfield code="a">Applied math and machine learning basics</subfield>
  </datafield>
  <datafield tag="650" ind1=" " ind2=" ">
    <subfield code="9">73019</subfield>
    <subfield code="a">Deep networks: modern practices</subfield>
  </datafield>
  <datafield tag="650" ind1=" " ind2=" ">
    <subfield code="9">73020</subfield>
    <subfield code="a">Deep learning research</subfield>
  </datafield>
  <datafield tag="700" ind1=" " ind2=" ">
    <subfield code="a">Bengio, Yoshua.</subfield>
    <subfield code="9">73021</subfield>
  </datafield>
  <datafield tag="700" ind1=" " ind2=" ">
    <subfield code="a">Courville, Aaron.</subfield>
    <subfield code="9">73022</subfield>
  </datafield>
  <datafield tag="942" ind1=" " ind2=" ">
    <subfield code="2">ddc</subfield>
    <subfield code="c">BK</subfield>
    <subfield code="e">1st </subfield>
    <subfield code="k">006.3 GOOI</subfield>
  </datafield>
  <datafield tag="999" ind1=" " ind2=" ">
    <subfield code="c">197087</subfield>
    <subfield code="d">197087</subfield>
  </datafield>
  <datafield tag="952" ind1=" " ind2=" ">
    <subfield code="0">0</subfield>
    <subfield code="1">0</subfield>
    <subfield code="2">ddc</subfield>
    <subfield code="4">0</subfield>
    <subfield code="7">0</subfield>
    <subfield code="8">MCA</subfield>
    <subfield code="a">AIMIT</subfield>
    <subfield code="b">AIMIT</subfield>
    <subfield code="e">Biblios Book Point</subfield>
    <subfield code="g">5776.00</subfield>
    <subfield code="i">Bill no:3345; Bill dt:2019-09-05</subfield>
    <subfield code="l">1</subfield>
    <subfield code="o">006.312 GOOI</subfield>
    <subfield code="p">MCA16602</subfield>
    <subfield code="r">2025-07-21 00:00:00</subfield>
    <subfield code="s">2022-03-12</subfield>
    <subfield code="v">4620.80</subfield>
    <subfield code="w">2021-07-16</subfield>
    <subfield code="y">BK</subfield>
  </datafield>
  <datafield tag="952" ind1=" " ind2=" ">
    <subfield code="0">0</subfield>
    <subfield code="1">0</subfield>
    <subfield code="2">ddc</subfield>
    <subfield code="4">0</subfield>
    <subfield code="7">0</subfield>
    <subfield code="8">MCA</subfield>
    <subfield code="a">AIMIT</subfield>
    <subfield code="b">AIMIT</subfield>
    <subfield code="d">2023-02-20</subfield>
    <subfield code="e">Biblios Book Point</subfield>
    <subfield code="g">8520.00</subfield>
    <subfield code="i">Bill no:7920; Bill dt:2023-2-16</subfield>
    <subfield code="l">1</subfield>
    <subfield code="o">006.312  GOOI</subfield>
    <subfield code="p">MCA17166</subfield>
    <subfield code="r">2025-08-07 10:00:02</subfield>
    <subfield code="s">2024-09-19</subfield>
    <subfield code="v">1645.60</subfield>
    <subfield code="w">2023-02-23</subfield>
    <subfield code="y">BK</subfield>
  </datafield>
  <datafield tag="952" ind1=" " ind2=" ">
    <subfield code="0">0</subfield>
    <subfield code="1">0</subfield>
    <subfield code="2">ddc</subfield>
    <subfield code="4">0</subfield>
    <subfield code="7">0</subfield>
    <subfield code="8">MCA</subfield>
    <subfield code="a">AIMIT</subfield>
    <subfield code="b">AIMIT</subfield>
    <subfield code="d">2023-02-20</subfield>
    <subfield code="e">Biblios Book Point</subfield>
    <subfield code="g">8520.00</subfield>
    <subfield code="i">Bill no:7920; Bill dt:2023-2-16</subfield>
    <subfield code="l">2</subfield>
    <subfield code="o">006.312  GOOI</subfield>
    <subfield code="p">MCA17167</subfield>
    <subfield code="r">2026-03-26 14:05:11</subfield>
    <subfield code="s">2025-07-25</subfield>
    <subfield code="v">1645.60</subfield>
    <subfield code="w">2023-02-23</subfield>
    <subfield code="y">BK</subfield>
  </datafield>
</record>
